000 00750nam a22002177a 4500
003 OSt
005 20250221170902.0
008 230926b ||||| |||| 00| 0 eng d
040 _c0
082 _aDPer 379.1 J826 Winter - Spring 2020 v. 45 n. 3-4
100 _aSabina, Kiara L.
_eauthor.
_949218
245 _aMontana /
_cKiara L. Sabina.
260 _aUnited States ;
_bUniversity of Illinois Press and Johns Hopkins University Press,
_cWinter 2020.
300 _avolume 45, pages 329-332.
500 _aJournal of Education Finance, v. 45 n. 3, pages 329-332, Winter 2020.
650 _aFinance.
_949219
650 _aBudget.
_949220
650 _aEducation.
_949221
700 _aSabina, Kiara L.
_eauthor.
_949218
942 _2ddc
_cPER
999 _c18240
_d18240